000
00310nam a22001337a 4500
008
181001b xxu||||| |||| 00| 0 eng d
020
_a
0915473607
041
_a
eng
080
_a
618
100
_a
10
101
_a
GJIN
245
_a
Encyclopedia of women's health and wellness
_c
Berek,J.S
942
_2
udc
_c
BK
999
_c
48754
_d
48754